| 000 | 00524nam a2200205Ia 4500 | ||
|---|---|---|---|
| 003 | OSt | ||
| 005 | 20240120114432.0 | ||
| 008 | 210210b1991 xxu||||| |||| 00| 0 eng d | ||
| 040 | _cAL | ||
| 041 | _aEnglish | ||
| 082 | _a530.4 BRIP | ||
| 100 |
_aBRIJ LAL and SUBRAHMANYAM (N). _9148487 |
||
| 245 | _aProperties of matter. | ||
| 260 |
_aN D _bEurasia Publishing House _c1991 |
||
| 300 | _axv,468 | ||
| 650 |
_aProperties Matter _9148488 |
||
| 690 |
_aProperties of Matter _9148489 |
||
| 906 | _a046376 | ||
| 942 |
_2ddc _cBK |
||
| 999 |
_c95534 _d95534 |
||